Frogs and toads of Big Bend National Park (Record no. 136738)
[ view plain ]
| 000 -LEADER | |
|---|---|
| fixed length control field | 01760nam a2200421Ia 4500 |
| 082 04 - DEWEY DECIMAL CLASSIFICATION NUMBER | |
| Classification number | 597.809764/932 |
| 100 1# - MAIN ENTRY--AUTHOR NAME | |
| Personal name | Dayton, Gage H., |
| 245 10 - TITLE STATEMENT | |
| Title | Frogs and toads of Big Bend National Park |
| 250 ## - EDITION STATEMENT | |
| Edition statement | 1st ed. |
| 260 ## - PUBLICATION, DISTRIBUTION, ETC. (IMPRINT) | |
| Place of publication | College Station : |
| Name of publisher | Texas A&M University Press, |
| Year of publication | c2007. |
| 300 ## - PHYSICAL DESCRIPTION | |
| Number of Pages | 51 p. : |
| Other physical details | col. ill., col. map. |
| 490 1# - SERIES STATEMENT | |
| Series statement | W.L. Moody, Jr., natural history series ; |
| Series statement | ATxM nature guides |
| 650 #0 - SUBJECT ADDED ENTRY--TOPICAL TERM | |
| Topical Term | Frogs |
| Topical Term | Toads |
| 700 1# - ADDED ENTRY--PERSONAL NAME | |
| Personal name | Skiles, Raymond. |
| Personal name | Dayton, Linnea B. |
| 856 40 - ELECTRONIC LOCATION AND ACCESS | |
| Uniform Resource Identifier | http://site.ebrary.com/lib/rucke/Doc?id=10447171 |
No items available.
